| 000 | 01601nam a2200397 a 4500 | ||
|---|---|---|---|
| 001 | 0000237 | ||
| 003 | DO-SdBNP | ||
| 005 | 20180306132611.0 | ||
| 007 | 0000237 | ||
| 008 | 150130s 2014 dr ac 000 0 spa d | ||
| 010 | _a | ||
| 020 | _a9945495372 | ||
| 040 |
_aBPMSU _bspa _cBPMSU |
||
| 092 |
_a372.7 _bR788m, 5to 2014 |
||
| 100 | 1 | _aRosa, María del Jesús de la | |
| 245 | 1 | 0 |
_aMatemática 5 : _beducación básica / _cFrancisca Antonia Medrano, María del Jesús de la Rosa, Dolores de la Rosa ; ilustraciones Ramón Sandoval. |
| 250 | _a3a. ed. rev. y actualizada. | ||
| 260 |
_aSanto Domingo : _bActualidad Escolar 2000, _c2014. |
||
| 300 |
_a2v. : _bil., retrs. ; _c28 cm. |
||
| 490 | 1 | _aSigma | |
| 504 | _aBibliografías p: 208 | ||
| 505 | 1 |
_tUnidad 1 -- _tNumeración I -- _tUnidad 2 -- _tNumeración II -- _tUnidad 3 -- _tNumeración III -- _tUnidad 4-- _tNumeración IV -- _tUnidad 5 -- _tFracciones -- _tUnidad 6 -- _tDecimales -- _tUnidad 7 -- _tGeometría -- _tUnidad 8 -- _tMétrica -- _tUnidad 9 -- _tEstadística -- _tBibliografía -- |
|
| 650 | 4 |
_aMATEMÁTICAS _xENSEÑANZA BÁSICA |
|
| 650 | 4 |
_aEDUCACIÓN PRIMARIA _xREPÚBLICA DOMINICANA |
|
| 650 |
_aMATEMÁTICAS _xLIBROS DE TEXTOS |
||
| 650 | 4 |
_aMATEMÁTICAS _xESTUDIOS Y EJERCICIOS |
|
| 650 | 4 |
_aMATEMÁTICAS _xEDUCACIÓN PRIMARIA |
|
| 700 | 1 | 2 | _a Rosa, Dolores de la |
| 700 | 1 | 2 | _aRosa, María del Jesús de la |
| 700 | 1 | 2 |
_aSandoval, Ramón _eil. |
| 830 | 0 | _aSigma | |
| 910 | _aValidado. Control de calidad MFF | ||
| 942 |
_2ddc _cBK |
||
| 945 | _aRemanejado para la BNPHU / 2018 VM | ||
| 956 |
_aYLOCKWARD _b10 |
||
| 999 |
_c9510 _d9510 |
||